00413nam a2200109Ia 4500008004100000020002200041050001700063100002900080245007600109260004200185650007600227120626s9999 xx 000 0 und d a978-607-95119-1-3 aHJ6761 R4947 aREYES DIAZ-LEAL, Eduardo aIntroducción al sistema aduanero mexicano / Eduardo Reyes Díaz-Leal aMéxico : Global Business University a1. ADUANAS -- MEXICO 2. REGULACION DEL COMERCIO EXTERIOR -- MEXICOÌ